000 00632nmm a2200217Ia 4500
008 251105s9999||||xx |||||||||||||||||und||
020 _a9788475220192
041 _aspa
100 _aMadrid, Edwin
245 0 _aLa Poesía del siglo XX en Ecuador :
_b Antología Esencial
264 _a[Madrid, España] :
_bVisor Libros,
_c2007
300 _a421 páginas
490 _aLa estafeta del viento
650 _aLatin American poetry
700 _aMadrid, Edwin
700 1 _a Madrid, Edwin
700 1 _a Madrid, Edwin
700 1 _a Madrid, Edwin
856 _uhttps://public.digitaliapublishing.com/a/27830
942 _cCF
999 _c68153
_d68153